| 000 | 00338nam a22001217a 4500 | ||
|---|---|---|---|
| 082 | _a006.78 NIE | ||
| 100 | _aNielsen, Lars | ||
| 245 | _aThe little book of Cloud Computing : including coverage of big data tools | ||
| 260 |
_aIsland _bNew street communications _c2013 |
||
| 300 |
_a106p. : _e22 cm |
||
| 650 | _aCloud Computing | ||
| 942 | _cBK | ||
| 999 |
_c12690 _d12690 |
||